000 00476nam a2200181Ia 4500
001 2957
005 20260306144845.0
008 260306t2008||||xx |||||||||||||| ||spa||
041 _aESP
082 _a234.91
_bS726
100 _aScola, Angelo
_eAUT
245 0 _a¿Quién es la iglesia?:
_buna clave antropológica y sacramental para la eclesiología
260 _c2008
300 _a387 páginas :
_c21 cm.
650 _aGEN
654 _aCHU
942 _cLIB
_dJUS
_fJUS
_2ddc
_n
999 _c2957
_d2957